| 000 | 01307cam a22003737i 4500 | ||
|---|---|---|---|
| 001 | 2114 | ||
| 003 | FISKH | ||
| 005 | 20231106161412.0 | ||
| 008 | 141015s2014 nyuab j b 000 1 eng | ||
| 010 | _a 2014004012 | ||
| 020 | _a9780545459389 (paperback) | ||
| 020 | _a0545459389 (paperback) | ||
| 020 | _a9781480643581 (Paw Prints) | ||
| 020 | _a1480643580 (Paw Prints) | ||
| 040 |
_aDLC _beng _cDLC _erda _dDLC |
||
| 050 | 0 | 0 | _aMLCS 2018/41510 (P) |
| 082 | _a741.5 | ||
| 100 | 1 | _aTarshis, Lauren, | |
| 245 | 1 | 0 |
_aI survived the Nazi invasion,1944 / _cby Lauren Tarshis ; illustrated by Scott Dawson. |
| 264 | 1 |
_aNew York : _bScholastic, _c2014. |
|
| 300 |
_a89 pages : _billustrations, map ; _c20 cm |
||
| 336 |
_atext _btxt _2rdacontent |
||
| 337 |
_aunmediated _bn _2rdamedia |
||
| 338 |
_avolume _bnc _2rdacarrier |
||
| 490 | 0 | _aI survived | |
| 505 | _aR | ||
| 520 | _aA young Jewish boy escapes the ghetto and finds a group of resistance fighters in the forests of Poland, and he must determine if he has what it takes to survive the Nazis and fight back. | ||
| 521 |
_a740
_bLexile |
||
| 521 |
_aR
_bRaz-Plus |
||
| 650 |
_aI Survived _vhistorical fiction |
||
| 700 | 1 |
_aDawson, Scott, _eillustrator. |
|
| 906 |
_a7 _bcbc _corignew _d4 _encip _f20 _gy-gencatlg |
||
| 942 |
_2ddc _cBK _n0 |
||
| 999 |
_c2114 _d2114 |
||